[Event "Crewe Open"]
[Site "Crewe"]
[Date "2025.06.29"]
[Round "5.20"]
[White "Ashton, Alannah"]
[Black "Bolt, Graham"]
[Result "0-1"]
[WhiteElo "1846"]
[BlackElo "1942"]
[PlyCount "108"]
[EventDate "2025.06.27"]
[EventType "swiss"]
[EventRounds "5"]
[EventCountry "ENG"]
[SourceTitle "BritBase"]
[Source "John Saunders"]
[SourceDate "2025.07.10"]
[SourceVersion "1"]
[SourceVersionDate "2025.07.10"]
[SourceQuality "1"]

1. e4 g6 2. d4 d5 3. exd5 Qxd5 4. Nf3 Bg7 5. c4 Qd8 6. Be2 Nf6 7. Nc3 O-O 8. O-O c6 9. h3 a6 10. Be3 b5 11. b3 Nbd7 12. Rc1 Bb7 13. Qd2 Re8 14. Rfd1 Nb6 15. Bh6 b4 16. Nb1 a5 17. Bxg7 Kxg7 18. Ne5 Qc7 19. Bf3 Nbd7 20. Qb2 Kg8 21. Nd2 Nxe5 22. dxe5 Nd7 23. Re1 Nf8 24. c5 Ne6 25. h4 Rad8 26. g3 Bc8 27. h5 Ng5 28. Bg2 gxh5 29. Nf3 Nxf3+ 30. Bxf3 h4 31. gxh4 Be6 32. Be4 Kh8 33. Kh1 Bd5 34. Bxd5 Rxd5 35. f4 Qd8 36. e6+ f6 37. Qe2 Rg8 38. Rcd1 Rg3 39. Rxd5 Qxd5+ 40. Qe4 Qxc5 41. Qe2 Qf5 42. h5 Qxf4 43. Qe4 Qxe4+ 44. Rxe4 Rh3+ 45. Kg2 Rxh5 46. Rd4 Rd5 47. Rc4 c5 48. Kf3 Re5 49. Rc1 Kg7 50. Rg1+ Kf8 51. Rc1 Ke8 52. Rc2 Kd8 53. Kg4 Kc7 54. Rh2 h5+ 0-1

[Event "Crewe Open"]
[Site "Crewe"]
[Date "2025.06.29"]
[Round "5.23"]
[White "Ellson, Louie"]
[Black "Richmond, Frank"]
[Result "0-1"]
[WhiteElo "1855"]
[BlackElo "1811"]
[PlyCount "38"]
[EventDate "2025.06.27"]
[EventType "swiss"]
[EventRounds "5"]
[EventCountry "ENG"]
[SourceTitle "BritBase"]
[Source "John Saunders"]
[SourceDate "2025.07.10"]
[SourceVersion "1"]
[SourceVersionDate "2025.07.10"]
[SourceQuality "1"]

1. d4 e6 2. c4 Nf6 3. Nf3 d5 4. Nc3 c6 5. Bg5 dxc4 6. e4 b5 7. e5 h6 8. Bh4 g5 9. Nxg5 hxg5 10. Bxg5 Nbd7 11. exf6 Bb7 12. Qf3 Qb6 13. Qe3 O-O-O 14. O-O-O Qa5 15. Kb1 b4 16. Ne4 Nb6 17. Qc1 Qd5 18. f3 c5 19. Be3 e5 0-1

[Event "Crewe Open"]
[Site "Crewe"]
[Date "2025.06.29"]
[Round "5.24"]
[White "James, Lucas"]
[Black "Doherty, Paul D"]
[Result "0-1"]
[WhiteElo "1695"]
[BlackElo "1832"]
[PlyCount "70"]
[EventDate "2025.06.27"]
[EventType "swiss"]
[EventRounds "5"]
[EventCountry "ENG"]
[SourceTitle "BritBase"]
[Source "John Saunders"]
[SourceDate "2025.07.10"]
[SourceVersion "1"]
[SourceVersionDate "2025.07.10"]
[SourceQuality "1"]

1. e4 c5 2. d4 cxd4 3. c3 Nf6 4. e5 Nd5 5. Bc4 Nb6 6. Bb3 g6 7. cxd4 d6 8. exd6 Qxd6 9. Nf3 Bg7 10. O-O O-O 11. Nc3 Bg4 12. Bg5 e6 13. h3 Bxf3 14. Qxf3 Nc6 15. Bf6 Nxd4 16. Bxd4 Qxd4 17. Rad1 Qb4 18. Rfe1 Rfd8 19. Ne4 Qe7 20. h4 h6 21. h5 g5 22. Ng3 Qf6 23. Qxb7 Qxb2 24. Nf5 Rxd1 25. Ne7+ Kh8 26. Rxd1 Qe2 27. Nc6 Rf8 28. Nd8 Qxh5 29. Qxa7 Nd5 30. Nc6 Nf4 31. Qb7 Ne2+ 32. Kf1 Nc3 33. f3 Qh1+ 34. Kf2 Nxd1+ 35. Bxd1 Qxd1 0-1

[Event "Crewe Open"]
[Site "Crewe"]
[Date "2025.06.29"]
[Round "5.25"]
[White "Pyda, Arjun"]
[Black "Vaidyanathan, Sathya"]
[Result "0-1"]
[WhiteElo "1810"]
[BlackElo "1878"]
[PlyCount "64"]
[EventDate "2025.06.27"]
[EventType "swiss"]
[EventRounds "5"]
[EventCountry "ENG"]
[SourceTitle "BritBase"]
[Source "John Saunders"]
[SourceDate "2025.07.10"]
[SourceVersion "1"]
[SourceVersionDate "2025.07.10"]
[SourceQuality "1"]

1. e4 e5 2. Bc4 Nf6 3. d3 Bc5 4. Nc3 O-O 5. f4 exf4 6. Bxf4 c6 7. d4 Bb4 8. e5 d5 9. Bd3 Ne4 10. Bxe4 Bxc3+ 11. bxc3 dxe4 12. Ne2 Be6 13. O-O Bc4 14. Re1 f5 15. exf6 Qxf6 16. Be3 Nd7 17. Ng3 Rae8 18. Qg4 Qe6 19. Qg5 Qe7 20. Qxe7 Rxe7 21. Bg5 Ref7 22. Nf1 Rxf1+ 23. Rxf1 Rxf1+ 24. Rxf1 Bxf1 25. Kxf1 Kf7 26. Ke2 Ke6 27. g4 Nb6 28. Bd8 Nc4 29. h3 Kd5 30. Bc7 Na3 31. Kd2 Nb1+ 32. Ke3 Nxc3 0-1